Land use act LOCUS (Record no. 31819)

MARC details
000 -LEADER
fixed length control field 00405nam a2200181Ia 4500
020 ## - INTERNATIONAL STANDARD BOOK NUMBER
ISBN 978-97836667-5-4
050 ## - CALL MARK
Classification number KP 103 .O4/
100 ## - STATEMENT OF RESPONSIBILITY--MAIN AUTHOR NAME
Personal name Jide olakanmi & Co.
245 #0 - TITLE STATEMENT
Title Land use act LOCUS
260 ## - PUBLICATION, DISTRIBUTION, ETC. (IMPRINT)
Place of publication Abuja
260 ## - PUBLICATION, DISTRIBUTION, ETC. (IMPRINT)
Name of publisher LawLord
260 ## - PUBLICATION, DISTRIBUTION, ETC. (IMPRINT)
Year of publication 2016
300 ## - PHYSICAL DESCRIPTION
Number of Pages 17 p
650 ## - SUBJECT ADDED ENTRY--TOPICAL TERM
Topical Term LAND USE ACT
942 ## - ADDED ENTRY ELEMENTS (KOHA)
Koha item type Books
Holdings
Withdrawn status Lost status Source of classification or shelving scheme Damaged status Not for loan Permanent Location Current Location Shelving location Date acquired Accession Number Price effective from Koha item type
    Library of Congress Classification     Law Library Law Library Items on shelf 04/23/2025 0187577 04/23/2025 Books